| 000 | 00651nam a22002057a 4500 | ||
|---|---|---|---|
| 999 |
_c14812 _d14812 |
||
| 003 | AR-CdUCM | ||
| 008 | 190424b ||||| |||| 00| 0 spa d | ||
| 020 | _a978-84-7864-958-7 | ||
| 040 |
_aMUNICIPALIDAD PROVINCIAL DEL CUSCO _cBIBLIOTECA MUNICIPAL DEL CUSCO |
||
| 041 | _hspa | ||
| 082 |
_26ed. _aEP / 376.1 / _bW19 |
||
| 100 |
_aWalcker, Yann _933718 |
||
| 245 |
_aWolfgang Amadeus Mozart : _bdescubrimos a los músicos / |
||
| 260 |
_aBarcelona ; _bCombel, _c2012. |
||
| 300 |
_a11 páginas ; _bIlustraciones, _c20 cm. _e+ CD |
||
| 650 |
_aLiteratura infantil _9588 |
||
| 650 |
_aMúsicos _95854 |
||
| 942 |
_2ddc _cLIBROS |
||
| 945 |
_aacv _d2019-04-24 |
||